000 00676nam a2200217Ia 4500
005 20241129111221.0
008 241129s9999||||xx |||||||||||||| ||und||
020 _a978-981-19-6848-8
037 _aTB
040 _aCRL
_beng
_cCRL
041 _aeng
_2eng
084 _aV2:196:P1 R3
_qCRL
100 _aGieg Philipp Au.
_9723685
245 0 _aIndia's Africa policy: challenges of a millennia old relationship
_cGieg Philipp Au.
260 _aGateway, Singapure
_bGateway East Palgrave macmillan
_c2023
300 _axxxi,413p.
365 _aEURO
_b119.99
650 _aIndian HistoryForeign Policy
942 _cTB
_hV2:196:P1 R3
999 _c1229431
_d1229431